[Event "WA State, Championship"]
[Site "Redmond, WA"]
[Date "2023.02.11"]
[Round "1"]
[White "CM Jiang, Brandon"]
[Black "WIM Lee, Megan"]
[Result "1-0"]
[WhiteElo "2214"]
[BlackElo "2351"]
[Annotator "Brandon Jiang"]
[PlyCount "79"]
[EventDate "2023.02.11"]
[EventType "tourn"]
[EventRounds "9"]
[EventCountry "USA"]
[TimeControl "40/120:0"]

{Megan, the defending WA state champion and top-seed in the Championship
section, defeated me last year in the WA state championship tournament after
grinding me out from a slightly worse position.} 1. e4 e5 2. Nf3 Nc6 3. Bc4 $1
{I considered several opening options such as Scotch, Giuoco Piano, and Ruy
Lopez against Megan's 1.e4 e5. However, upon analyzing her previous games, I
did not like her setup against Ruy Lopez. Initially, I planned to use an
unusual line in Scotch Mieses, but after assessing the complexities of the
resulting middle-game positions, I lacked the confidence to execute it.
Ultimately, I settled on a Giuoco Piano setup that could apply long-term
pressure on the Black. This approach could come as a surprise to Megan, given
my recent tendency to play Ruy Lopez.} Bc5 4. c3 Nf6 5. d3 a6 6. h3 Ba7 7. Bb3
h6 8. Nbd2 O-O 9. Nf1 ({I also looked at} 9. g4 $1 {[%cal Ge1c1,Gg4g5]} d5 (
9... d6 10. Nf1 Be6 11. g5 hxg5 12. Bxg5 Nb8 13. Rg1 Kh7 14. Nh4 Nbd7 15. Qf3
Qe8 16. Ne3 Bxb3 17. axb3 Qe6 18. Nd5 Rac8 19. O-O-O c6 20. Bxf6 Nxf6 21. Rxg7+
Kxg7 22. Rg1+ Ng4 23. Rxg4+ Kh8 24. Nf6 Rg8 25. Rxg8+ Rxg8 26. Qh5+ Kg7 27.
Qg5+ {1-0 (27) Mamedov,R (2654) -Nasuta,G (2512) Europe Echecs INT 2021}) 10.
g5 hxg5 11. Nxg5 Ne7 12. exd5 Nexd5 13. Nde4 Bf5 14. Qf3 Bg6 15. Rg1 c6 16. Bd2
a5 17. O-O-O a4 18. Bc2 Nh5 19. d4 exd4 20. c4 Nb6 21. Ng3 d3 22. Bxd3 Qxd3 23.
Qxd3 Bxd3 24. Nxh5 Bg6 25. Ne6 Nxc4 26. Nhxg7 a3 27. bxa3 Bxf2 28. Nxf8 Kxf8
29. Ne6+ Ke7 30. Nc7 Rxa3 31. Bb4+ c5 32. Nd5+ Ke6 33. Bxa3 Bxg1 34. Nf4+ Kf5
35. Rxg1 Nxa3 36. Rf1 Ke5 37. Nxg6+ fxg6 38. Rg1 Kf5 39. Rg3 Nb5 40. Rb3 Nd6
41. a4 Ke5 42. a5 Nc4 43. Rb5 Kd5 44. Rxb7 Nxa5 45. Rg7 Nb3+ 46. Kb2 Nd4 47.
Rxg6 {1-0 (47) Mamedov,R (2659) -Warmerdam,M (2498) Wijk aan Zee 2020}) 9... d5
10. Qe2 Be6 11. Ng3 Na5 12. Nxe5 ({Another option in my preparation is} 12. Bc2
dxe4 13. dxe4 Bc4 14. Qd1 Qxd1+ 15. Bxd1 Bd3 (15... Rfe8 16. Be2 Rad8 17. Nd2
Bd3 18. Bxd3 Rxd3 19. Ke2 $10) 16. Nxe5 Bxe4 17. O-O Rfe8 18. Nf3 Nc4 19. Be2
Bd5 20. Rd1 b5 21. Kf1 Rad8 22. Nd4 c5 23. Ndf5 Bb8 24. b3 Nd6 25. Be3 Nfe4 26.
Rac1 Nxf5 27. Nxf5 b4 28. cxb4 cxb4 29. Bb6 Rd7 30. Bg4 Rb7 31. Bd4 Be5 32. Ne3
Bxd4 33. Rxd4 {1-0 (33) Kramnik,V (2480)-Galdunts,S (2470) Kherson 1991}) 12...
Nxb3 13. axb3 dxe4 14. dxe4 Bxb3 15. Be3 (15. O-O Re8) 15... Re8 16. f4 $6 (16.
Bxa7 $1 Rxa7 (16... Rxe5 17. Bd4 Re6 18. O-O Nxe4 19. Nxe4 f5 20. Nf6+ Qxf6 21.
Qf3 $11) 17. f4 (17. Nf3 b5 {with Bc4 threat, White cannot castle.})) 16... Nd7
17. Nxd7 Bxe3 18. Qxe3 Qxd7 19. O-O Rad8 20. Qf3 Qe6 21. Kh2 Rd2 22. Ra5 $2 (
22. Rf2 $1 Red8 23. Qe3) 22... Qb6 $1 (22... Rxb2 23. Re5 Qc8 24. Qg4 $1 $40 {
and Nf5 is next.}) 23. Rh5 Bc4 24. Rg1 (24. Rd1 $4 Be2 $1 $19 (24... Rxd1 25.
Qxd1 Qxb2 26. Qd4 Be6 27. f5 Ba2 28. Rxh6 c5 (28... gxh6 29. Nh5 Kf8 30. Qc5+
Re7 (30... Kg8 31. Nf6+) 31. f6) 29. Qd7 (29. Qe3 f6 30. Rxf6 gxf6 31. Qh6 Qb6
32. Nh5 Qc7+ 33. Kg1 Rf8 34. Qg6+ Kh8 35. Qh6+ Kg8 $11) 29... Qb5 30. Qd2 gxh6
31. Qxh6 Qc6 32. f6 $18)) 24... Rxb2 25. Qg4 Kf8 26. e5 Bd3 (26... Qc6 27. Nf5
Qg6 28. Qh4 {threaten Rg5!} Bd3 (28... f6 29. Nxh6) 29. Nxh6 (29. Rg5 Qh7)
29... f5 $3 $13) 27. Qd7 Bb5 28. Qg4 Qe6 $2 29. Qh4 $2 (29. Nf5 Qg6 30. Qh4)
29... Qe7 $6 (29... Bd3 $19) 30. Qg4 (30. Rxh6 Qxh4 31. Rxh4 g6 $15 {[%csl Ga6]
} 32. Ne4 Ke7 33. Nf6 Rd8 {[%csl Rg2][%cal Gb5c6,Gd8d2,Ga6a4]}) 30... Bd7 31.
Qd1 Rd8 32. Qd3 $4 (32. Qa1 Rf2 33. Qe1 Rxf4 34. Qe3 Rf6) 32... Kg8 $2 (32...
g6 33. Rxh6 Kg7 34. Rh5 Bg4 $19) 33. Qe3 Rb6 $2 (33... a5 34. f5 f6 35. e6 Bc6)
34. f5 f6 35. e6 Be8 36. Rh4 Rb5 37. Rf1 (37. Rg4 {also a good alternative})
37... Kf8 $2 (37... Re5 38. Qf4 a5 $13) 38. Rxh6 $1 gxh6 $4 {in time trouble,
Megan missed White's Move 40.} (38... Kg8 39. Rh4 $16) 39. Qxh6+ Qg7 (39... Kg8
40. Ne4 $18) 40. e7+ $1 {Black resigned. “A good beginning is half of the
success”! While I consider myself fortunate to have won this game, I must
say that going into a tournament with the goal of defeating the defending
champion (who is likely the strongest player in the section) gave me a
tremendous amount of confidence for the remainder of the tournament.} 1-0

[Event "WA State, Championship"]
[Site "Redmond, WA"]
[Date "2023.02.11"]
[Round "2"]
[White "FM Sang, Tian"]
[Black "CM Jiang, Brandon"]
[Result "0-1"]
[WhiteElo "2347"]
[BlackElo "2214"]
[PlyCount "128"]
[EventDate "2023.02.11"]
[EventType "tourn"]
[EventRounds "9"]
[EventCountry "USA"]

1. e4 e5 2. Nf3 Nc6 3. Bc4 Bc5 4. c3 Bb6 5. d4 Qe7 6. d5 Nd8 7. a4 a6 8. O-O d6
9. Re1 Nf6 10. Nbd2 O-O 11. Bd3 Ne8 12. Nc4 Ba7 13. h3 g6 14. b4 f6 15. Ba3 f5
16. b5 fxe4 17. Bxe4 Qf7 18. Qd3 Bf5 19. bxa6 bxa6 20. Ncxe5 Bxe4 $2 21. Qxe4
dxe5 22. Bxf8 Qxf8 23. Qxe5 Nf7 24. Qe6 Qc5 25. Re2 $2 Ned6 $6 26. Ng5 $2 Qxc3
27. Rae1 Rf8 28. Nf3 Kg7 29. Qd7 Rd8 30. Qg4 Nf5 31. Ng5 Rxd5 $6 32. Ne6+ $2
Kf6 33. Nf4 Rd6 34. Re6+ Rxe6 35. Rxe6+ Kg7 36. Nxg6 $4 Qc1+ $4 37. Kh2 N7h6
38. Qe2 $4 hxg6 39. Qe5+ Kh7 40. Qf6 Qf4+ 41. Kh1 Qc1+ 42. Kh2 Qf4+ 43. Kh1
Ng3+ $1 44. Kh2 Qxf6 $19 45. Rxf6 Ne4 46. Rxa6 Bxf2 47. Rc6 Bb6 48. g4 Nf7 49.
Kg2 Ned6 50. Rc2 Kg7 51. h4 Ne5 52. Kg3 c5 53. Kf4 Nd3+ 54. Ke3 c4+ 55. Kd2
Ba5+ 56. Ke3 Nb4 57. Rd2 Bb6+ 58. Ke2 Bc5 59. h5 g5 60. a5 c3 61. Rd1 c2 62.
Rc1 Nc4 63. a6 Na3 64. Kd2 Nxa6 0-1

[Event "WA State, Championship"]
[Site "Redmond, WA"]
[Date "2023.02.12"]
[Round "3"]
[White "CM Jiang, Brandon"]
[Black "CM Vemparala, Nikash"]
[Result "1/2-1/2"]
[WhiteElo "2214"]
[BlackElo "2230"]
[PlyCount "66"]
[EventDate "2023.02.11"]
[EventType "tourn"]
[EventRounds "9"]
[EventCountry "USA"]

1. e4 e5 2. Nf3 Nc6 3. Bc4 Bc5 4. c3 Nf6 5. d3 O-O 6. Bb3 a5 7. h3 d6 8. Nbd2
Be6 9. Ba4 Ne7 10. O-O Ng6 11. d4 Ba7 12. Re1 c6 13. Bc2 Qc7 14. Nf1 h6 15. Ng3
Rad8 16. Be3 b5 17. Qd2 Kh7 18. a4 Rfe8 19. Nf5 Bxf5 20. exf5 Ne7 21. axb5 cxb5
22. Qe2 Nc6 23. dxe5 Nxe5 24. Bxa7 Nxf3+ 25. Qxf3 Qxa7 26. g4 Kg8 27. Bd3 Qb6
28. h4 Nd7 29. Be4 Ne5 30. Qg2 Qc5 31. Rad1 Qc4 32. g5 hxg5 33. Rd4 Qc7 1/2-1/2

[Event "WA State, Championship"]
[Site "Redmond, WA"]
[Date "2023.02.12"]
[Round "4"]
[White "Min, Ryan"]
[Black "CM Jiang, Brandon"]
[Result "1/2-1/2"]
[WhiteElo "2088"]
[BlackElo "2214"]
[PlyCount "80"]
[EventDate "2023.02.11"]
[EventType "tourn"]
[EventRounds "9"]
[EventCountry "USA"]

1. d4 e6 2. c4 f5 3. e3 Nf6 4. Bd3 Be7 5. Nc3 O-O 6. Nge2 d6 7. O-O e5 8. f3 c5
9. d5 Na6 10. a3 Kh8 11. Bd2 Bd7 12. e4 f4 13. g4 h5 14. h3 hxg4 15. hxg4 Nxg4
16. fxg4 Bxg4 17. Rf2 g5 $2 18. Rh2+ Kg7 $2 19. Kf2 $2 Qd7 20. Qa4 Qxa4 21.
Nxa4 Rh8 22. Rah1 Rxh2+ 23. Rxh2 Bd7 24. Nac3 Nc7 25. Rg2 Rh8 26. Ng1 Ne8 27.
Be2 Kg6 28. Bg4 Bxg4 29. Rxg4 Nf6 30. Rg2 g4 31. Ke2 Kf7 32. Kd3 Rh1 33. Be1 a6
34. Nd1 Rh8 35. Nf2 Rg8 36. a4 Bf8 37. Nd1 Bh6 38. Bh4 Nh5 39. Nf2 g3 40. Nfh3
Nf6 1/2-1/2

[Event "WA State, Championship"]
[Site "Redmond, WA"]
[Date "2023.02.18"]
[Round "5"]
[White "CM Jiang, Brandon"]
[Black "LM Pupols, Viktors"]
[Result "1-0"]
[WhiteElo "2214"]
[BlackElo "2201"]
[PlyCount "67"]
[EventDate "2023.02.11"]
[EventType "tourn"]
[EventRounds "9"]
[EventCountry "USA"]

1. e4 e6 2. d3 d5 3. Nd2 c5 4. g3 Nf6 5. Bg2 Be7 6. Ngf3 O-O 7. O-O Nc6 8. Re1
b5 9. e5 Ne8 10. Nf1 Nc7 11. h4 b4 12. c4 bxc3 13. bxc3 Rb8 14. N1h2 f5 15.
exf6 Bxf6 16. Bg5 h6 17. Bxf6 Qxf6 18. Rc1 Rb2 19. Ng4 Qg6 20. Qa4 Bd7 $2 21.
Qa3 Rfb8 22. Nge5 Qe8 23. Nxc6 Bxc6 24. Qxc5 R8b6 25. Nd4 Na6 26. Qa3 Qf7 27.
f4 Rd2 28. Rxe6 Nc7 29. Rxc6 Rxc6 30. Nxc6 Qe8 31. Ne5 Qb5 32. c4 Qb6+ 33. c5
Qf6 34. Qxa7 1-0

[Event "WA State, Championship"]
[Site "Redmond, WA"]
[Date "2023.02.18"]
[Round "6"]
[White "CM Jiang, Brandon"]
[Black "Gottumukkala, Ananth"]
[Result "1/2-1/2"]
[WhiteElo "2214"]
[BlackElo "1994"]
[PlyCount "159"]
[EventDate "2023.02.11"]
[EventType "tourn"]
[EventRounds "9"]
[EventCountry "USA"]

1. e4 c5 2. Nf3 d6 3. Bb5+ Nd7 4. d4 cxd4 5. Qxd4 a6 6. Bxd7+ Bxd7 7. Nc3 e5 8.
Qd3 Rc8 9. O-O h6 10. Nd2 $1 Qc7 11. Rd1 $1 Bg4 12. Re1 Nf6 13. Nf1 Be7 14. Ne3
Be6 15. a4 O-O 16. Rd1 $5 Qc5 17. Bd2 Bd8 18. Be1 Ba5 19. Ncd5 Bxd5 20. exd5
Bxe1 21. Rxe1 g6 22. a5 Qb4 23. Reb1 Rc5 24. c3 Qe4 25. Rd1 Qxd3 26. Rxd3 Rfc8
27. c4 Nd7 28. b4 R5c7 29. f3 Kg7 30. g4 Rf8 31. Rc3 f5 32. gxf5 gxf5 33. Kf2
f4 34. Rg1+ Kh7 35. Nf1 Nf6 36. Nd2 Nxd5 37. Rd3 Nxb4 38. Rxd6 Rg7 39. Rxg7+
Kxg7 40. Rb6 Nd3+ 41. Ke2 Nc5 42. Nb3 Rc8 43. Nxc5 Rxc5 44. Rxb7+ Kf8 45. Rb6
Rxa5 46. Rxh6 Ke7 47. h4 Ra3 48. h5 Re3+ 49. Kf2 Rc3 50. Rc6 Rc2+ 51. Kg1 a5
52. h6 Kf7 53. c5 a4 54. Ra6 Rxc5 55. Rxa4 Rc2 56. h7 Kg7 57. Ra7+ Kh8 58. Re7
Rc6 59. Kf2 Rc2+ 60. Ke1 Rh2 61. Rxe5 Kxh7 62. Rf5 Rh4 63. Ke2 Kg6 64. Rf8 Kg7
65. Ra8 Kf6 66. Kd3 Rh5 67. Ke4 Rb5 68. Ra6+ Kf7 69. Kxf4 Rb8 70. Ke4 Rb5 71.
Kf4 Rc5 72. Kg4 Rb5 73. f4 Rc5 74. f5 Rc1 75. Ra7+ Kf6 76. Ra6+ Kf7 77. Ra3 Kf6
78. Ra6+ Kf7 79. Rb6 Rg1+ 80. Kf4 1/2-1/2

[Event "WA State, Championship"]
[Site "Redmond, WA"]
[Date "2023.02.19"]
[Round "7"]
[White "Moroney, Timothy"]
[Black "CM Jiang, Brandon"]
[Result "1/2-1/2"]
[WhiteElo "2232"]
[BlackElo "2214"]
[PlyCount "109"]
[EventDate "2023.02.11"]
[EventType "tourn"]
[EventRounds "9"]
[EventCountry "USA"]

1. e4 e5 2. Nf3 Nc6 3. Bc4 Bc5 4. c3 Bb6 5. d4 Qe7 6. O-O Nf6 7. a4 a6 8. a5
Ba7 9. Re1 d6 10. h3 h6 11. Be3 O-O 12. Nbd2 Bd7 13. b4 exd4 14. cxd4 Nxb4 15.
Qb3 d5 16. exd5 Qd6 17. Ne5 Bf5 18. Rac1 b5 19. axb6 Bxb6 20. Nc6 $2 Nxc6 21.
dxc6 Bxd4 $6 22. Bxd4 Qxd4 23. Nf3 Qf4 $2 24. Ne5 $2 Ne4 25. Bxf7+ Kh7 26. Nd3
Qg5 27. Bd5 Nd2 28. Qc3 Rad8 29. Re5 Nf3+ 30. Bxf3 Rxd3 31. Qxd3 Qxc1+ 32. Qd1
Qf4 33. Qe1 Kh8 $2 34. Bd5 $2 Bg6 35. Re6 Rd8 36. Rxg6 Rxd5 37. Qe8+ Kh7 38.
Rg3 Qf5 $6 39. Qe7 Rd1+ 40. Kh2 Qf6 41. Qxc7 $6 Rc1 42. Qd7 Rxc6 43. Rxg7+ Qxg7
44. Qxc6 Qe5+ 45. g3 a5 46. Kg2 Qa1 47. Qd7+ Kg8 48. Qe6+ Kg7 49. Kf3 a4 50.
Qe7+ Kg6 51. Qe8+ Kg7 52. Qe7+ Kg8 53. Qe8+ Kh7 54. Qd7+ Kg6 55. Qe8+ 1/2-1/2

[Event "WA State, Championship"]
[Site "Redmond, WA"]
[Date "2023.02.19"]
[Round "8"]
[White "CM Jiang, Brandon"]
[Black "Kurungod Anoop, Pranav"]
[Result "1-0"]
[WhiteElo "2214"]
[BlackElo "1985"]
[PlyCount "85"]
[EventDate "2023.02.11"]
[EventType "tourn"]
[EventRounds "9"]
[EventCountry "USA"]

1. e4 c5 2. Nf3 Nc6 3. Bb5 g6 4. c3 Nf6 5. Qe2 Bg7 6. d4 cxd4 7. cxd4 O-O 8.
Nc3 d6 9. h3 Nd7 10. Be3 a6 11. Ba4 b5 12. Bc2 Bb7 13. O-O Rc8 14. a4 $6 b4 15.
Na2 a5 16. Nc1 e5 17. d5 Ne7 $6 18. Ne1 f5 19. f3 Kh8 20. Nb3 Ra8 21. Bd3 Nf6
22. Kh2 f4 23. Bf2 g5 24. Bb5 h5 25. Rc1 g4 26. hxg4 hxg4 27. fxg4 Bc8 $2 28.
g5 Ng4+ 29. Kg1 Bd7 $2 30. Bxd7 Qxd7 31. Nd3 Rfc8 $2 32. Rxc8+ Rxc8 33. Nxa5
Ra8 $2 34. Nc4 Nxf2 35. Qh5+ Kg8 36. Nxf2 Qc7 37. b3 Qc5 38. Kh1 Rf8 39. Ng4
Qc7 40. g6 Rd8 41. Qh7+ Kf8 42. Nf6 Rb8 43. Nd2 1-0

[Event "WA State, Championship"]
[Site "Redmond, WA"]
[Date "2023.02.20"]
[Round "9"]
[White "Aliyev, Timur"]
[Black "Jiang, Brandon"]
[Result "0-1"]
[WhiteElo "2349"]
[BlackElo "2214"]
[Annotator "NM Timur Aliyev"]
[PlyCount "86"]
[EventDate "2023.02.11"]
[EventType "tourn"]
[EventRounds "9"]
[EventCountry "USA"]

{This game was played in the last round and was decisive in determining who is
going to earn the state championship title. I was in clear first with 6.5 out
8, my opponent had 6 points.} 1. e4 e5 2. Nf3 Nc6 3. Nc3 g6 {Megan Lee played
3... Nf6 against me in round 5. My opponent prepared a side line.} 4. d4 exd4
5. Nxd4 Bg7 6. Be3 (6. Nxc6 bxc6 7. Bc4 {would have been more appropriate
considering the tournament situation. White has a small but comfortable
advantage.}) 6... d6 (6... Nf6 7. Nxc6 bxc6 8. e5 Ng8 9. f4 d6 10. Qf3 Ne7 11.
Bc4 O-O 12. O-O-O $14) 7. Be2 (7. Qd2 Nf6 8. f3 O-O 9. O-O-O {The position
resembles the classical dragon setup with the c-pawn on the board instead of
the e-pawn. With no counterplay on the c-file for black white has a
comfortable play..}) 7... Nf6 8. O-O O-O 9. f3 (9. Qd2 Ng4 10. Bxg4 Bxg4 11.
Rae1 Bd7 12. f4 $14 {Black's two-bishop advantage is compensated by White's
control of the center.}) 9... Re8 10. Qd2 (10. Bc4) 10... d5 $1 11. Nxc6 bxc6
12. Rad1 Qe7 13. Bg5 (13. Bd4 dxe4 14. fxe4 Nxe4 15. Nxe4 Qxe4 16. Bxg7 Kxg7
17. Bf3 Qc4 18. b3 Qc5+ 19. Qd4+ Re5 (19... Qxd4+ 20. Rxd4 Rb8 21. Bxc6 $11)
20. Bxc6 Rb8 21. Qxc5 Rxc5 22. Bd5 $11 {This would have been much safer
considering a draw was satisfactory for me.}) 13... Qc5+ (13... dxe4 $5 14.
fxe4 Nxe4 15. Nxe4 (15. Bxe7 Nxd2 16. Rxd2 Bxc3 17. bxc3 Rxe7 18. Rd8+ Kg7 19.
Bf3 $44) 15... Qxe4 16. Bf3 Qc4 17. b3 Qc5+ 18. Kh1 Bf5 19. c4 $44) 14. Kh1 $11
(14. Be3 Qb4 (14... Qe7 15. Bg5 Qc5+ 16. Be3 Qe7 17. Bg5 {I am sure my
opponent would not repeat the moves given the title at stake in this game.})
15. Bd4 dxe4 16. a3 Qe7 17. fxe4 Nxe4 18. Nxe4 Qxe4 19. Bxg7 Kxg7 20. Bf3 $44)
14... Be6 $6 (14... a5) 15. Na4 $1 Qf8 {At this point I felt that my pieces
are better coordinated. White intends to play b3 followed by c4 or Qa5.16. Qf4
seemed attractive as black has to choose between 16... Nd7 and 16... Qe7. Both
moves seemed to me as unsatisfactory to play for a win...} 16. Qf4 {At this
point I offered a draw.} Qe7 $6 {I actually wanted my opponent to play 16...
Qe7, as the Queen voluntarily moves into a pin giving White some time to make
solid moves like b3, Rde1, Bd3 in anticipation of upcoming exchanges after
Black's Nh5.} (16... Nd7 17. Qxc7 Nb6 18. Nxb6 axb6 19. Qxb6 Rab8 20. Qxc6 Rec8
21. Qa6 dxe4 22. fxe4 Rxc2 $44) 17. Qh4 (17. b3 $1 a5 (17... Nh5 $6 18. Qd2 f6
19. Be3 f5 20. Bg5 Bf6 21. Bxf6 Nxf6 22. e5 Nd7 23. Qc3 $16) 18. Qh4 Bc8 19.
Rde1 Qd6 20. Bd3 $14) 17... Bd7 (17... h6 18. Bxh6 Bxh6 19. Qxh6 dxe4 20. Nc3
$1 exf3 21. Bxf3 $14) 18. Nc3 (18. Bd3 Qd6 19. b3 Nh5 20. Rfe1 $14) 18... Qe6
$6 (18... h6) 19. exd5 $2 {Serious mistake. White releases the pressure in the
center and gives black's Queen free access to the b6 square. 19. Rffe1 is much
stronger!} (19. Rfe1 Qd6 20. Bc4 $1 h6 21. Be3 Qb4 22. Bb3 g5 23. Qf2 $16)
19... cxd5 20. Rfe1 $6 (20. Bd3 Rab8 21. b3 $11) 20... Qb6 (20... Qd6) 21. Bd3
$2 {At this point I was in a serious time trouble.} (21. Nxd5 Nxd5 22. Rxd5 Be6
23. Rb5 Qc6 24. Qe4 Qxe4 25. fxe4 c6 26. Rb7 Bxa2 27. Bd3 Be6 $11) 21... h6 $1
22. Bxf6 $2 {Allowing the two-bishops advantage was a serious and crucial
mistake of the game/ Taking the pawn on h6 instead would have left
considerable chances associated with a potential sacrifice on g6.} (22. Bxh6
Qxb2 (22... Bxh6 23. Qxh6 Qxb2 (23... Rxe1+ 24. Rxe1 Qxb2 25. Qd2 Rd8 26. h4
$13) 24. Ne2 $1 Rab8 25. Bxg6 fxg6 26. Qxg6+ Kh8 27. h3 Qb6 28. Nf4 Rxe1+ 29.
Rxe1 Rg8 30. Qh6+ Nh7 31. Qh5 Rg5 32. Qf7 Qf6 33. Ng6+ Rxg6 34. Qxd7 $44 Qd6
35. Re8+ Rg8 36. Re7 Qxd7 37. Rxd7 Rg6 38. Rxd5 $11) 23. Bd2 c5 $15) 22... Bxf6
23. Qxh6 c6 $1 $15 (23... Rxe1+ 24. Rxe1 Qd6 (24... c6 $4 25. Bxg6 $18) 25. Nd1
$13) 24. Qf4 $2 Kg7 $17 25. Na4 Qa5 26. Rxe8 Rxe8 27. Nc3 Bxc3 $6 (27... Qb6) (
27... Be5) 28. bxc3 Qxc3 29. Qc1 $2 {This was the last straw. 29. h4! would
have given White some chances on the king side as Black's king is somewhat
exposed.} (29. h4 $1 Be6 30. Kg1 c5 31. h5 c4 32. Bf1 gxh5 33. Qg5+ Kf8 $15)
29... c5 $1 30. Qa1 $2 (30. Kg1 c4 31. Bf1 Be6 32. h4 $17) 30... Qxa1 31. Rxa1
c4 $19 32. Bf1 Rb8 33. Rd1 Be6 34. Kg1 Rb2 35. Rc1 Rxa2 36. Be2 a5 37. Kf2 d4
38. Ke1 a4 39. Kd2 a3 40. Rb1 d3 41. Bd1 Rb2 42. Ra1 dxc2 43. Bxc2 Bf5 {
My opponent played well, took his chances and deserved the win.
Congratulations to Brandon Jiang for winning the tournament with this game.}
0-1

[Event "WA State, Championship"]
[Site "Redmond, WA"]
[Date "2023.02.20"]
[Round "9"]
[White "NM Aliyev, Timur"]
[Black "CM Jiang, Brandon"]
[Result "0-1"]
[WhiteElo "2349"]
[BlackElo "2214"]
[Annotator "Brandon Jiang"]
[PlyCount "86"]
[EventDate "2023.02.11"]
[EventType "tourn"]
[EventRounds "9"]
[EventCountry "USA"]
[TimeControl "40/120:0"]

{Going into this game, I knew it was a must-win for me. I was half a point
behind Timur, who had been performing exceptionally well in the Championship
section with 5 wins and 3 draws in the first 8 rounds. He was the 2nd
highest-seeded player and only needed a draw to secure the WA state
championship. While a draw would secure me a 2nd place finish in the
Championship section, I made the decision to play for a win.} 1. e4 e5 2. Nf3
Nc6 3. Nc3 g6 $1 {A risky move, but fit the last round situation.} 4. d4 exd4
5. Nxd4 Bg7 6. Be3 d6 $1 {Timur was expecting 6...Nf6.} (6... Nf6 7. Qd2 O-O 8.
O-O-O) 7. Be2 $6 {This is not the most critical move. If White wants to have
opening advantage, he must play Qd2 and 0-0-0.} Nf6 8. O-O O-O {Mission
accomplished. Based on the situation in the last round, we anticipated that
White might opt for a less aggressive approach. Now the position is about
equal, even I am out of preparation (my preparation mostly spent on White's
Qd2/0-0-0 setup). I felt this was a good sign for me.} 9. f3 Re8 10. Qd2 d5 11.
Nxc6 bxc6 12. Rad1 Qe7 13. Bg5 Qc5+ 14. Kh1 Be6 15. Na4 Qf8 16. Qf4 Qe7 17. Qh4
Bd7 18. Nc3 Qe6 $6 (18... Rab8 19. b3 h6 20. Be3 a5 $13) 19. exd5 $6 (19. Rfe1
Rab8 20. exd5 Qd6 21. Bc4) 19... cxd5 20. Rfe1 Qb6 21. Bd3 (21. Nxd5 Nxd5 22.
Rxd5 Bc6 23. Rdd1 {This was his best chance to equalize}) 21... h6 22. Bxf6
Bxf6 23. Qxh6 c6 24. Qf4 Kg7 25. Na4 $2 (25. Qd6 $1 Rad8 26. Rxe8 Bxe8 27. Qa3
$13) 25... Qa5 26. Rxe8 Rxe8 27. Nc3 Bxc3 $6 (27... Qb6 $1 28. Qc1 Rb8) 28.
bxc3 Qxc3 29. Qc1 $2 (29. h3) 29... c5 30. Qa1 $4 {Queen-less endgame is
helpless for White.} (30. Kg1 {White is worse, but he still has some chance to
save the game.}) 30... Qxa1 $19 {With the position in my favor, it was now the
time for me to convert my advantage to a full point.} 31. Rxa1 c4 32. Bf1 Rb8 (
32... Re3 33. Kg1 Rc3 34. Rc1 Bf5) 33. Rd1 Be6 34. Kg1 Rb2 35. Rc1 Rxa2 36. Be2
a5 37. Kf2 d4 38. Ke1 a4 39. Kd2 a3 40. Rb1 d3 41. Bd1 Rb2 42. Ra1 dxc2 43.
Bxc2 Bf5 {White resigned. I was so happy that I became the 2023 WA state
champion!} 0-1